[Event "EU-ch Amateur U1700"]
[Site "Zagreb"]
[Date "2022.08.16"]
[Round "4"]
[White "Nezosi, Christophe"]
[Black "Kanev, Evgeny"]
[Result "0-1"]
[WhiteElo "1478"]
[BlackElo "1606"]
[PlyCount "64"]
[EventDate "2022.08.14"]
[EventType "swiss"]
[EventRounds "9"]
[EventCountry "CRO"]
[SourceTitle "CBM 210 Extra"]
[Source "ChessBase"]
[SourceDate "2022.11.30"]
[SourceVersion "1"]
[SourceVersionDate "2022.11.30"]
[SourceQuality "1"]

1. e4 d6 2. d4 Nf6 3. Nc3 g6 4. f4 Bg7 5. Nf3 0-0 6. Be2 Nbd7 7. 0-0 h6 8. Be3 Ng4 9. Qd2 c5 10. dxc5 Nxe3 11. Qxe3 Nxc5 12. Rad1 Qb6 13. Nd5 Qxb2 14. Nxe7+ Kh7 15. Rxd6 Qxc2 16. Rc1 Qxe4 17. Qxe4 Nxe4 18. Rd3 Be6 19. Rc7 Bxa2 20. Rxb7 Nc5 21. Ng5+ Kh8 22. Rh3 Nxb7 23. Bd3 Bd4+ 24. Kf1 Kg7 25. Nxg6 fxg6 26. Nf3 Rxf4 27. Ke1 Bc3+ 28. Kf2 Nc5 29. Bc2 g5 30. Rg3 Ne4+ 31. Bxe4 Bd4+ 32. Ke1 Rxe4+ 0-1

[Event "EU-ch Amateur U1700"]
[Site "Zagreb"]
[Date "2022.08.15"]
[Round "2"]
[White "Nezosi, Christophe"]
[Black "Ruzic, Milos"]
[Result "1/2-1/2"]
[WhiteElo "1478"]
[BlackElo "1654"]
[PlyCount "135"]
[EventDate "2022.08.14"]
[EventType "swiss"]
[EventRounds "9"]
[EventCountry "CRO"]
[SourceTitle "CBM 210 Extra"]
[Source "ChessBase"]
[SourceDate "2022.11.30"]
[SourceVersion "1"]
[SourceVersionDate "2022.11.30"]
[SourceQuality "1"]

1. e4 c5 2. Nc3 d6 3. f4 Nc6 4. Nf3 e6 5. Bc4 a6 6. a4 Nf6 7. 0-0 Be7 8. d3 0-0 9. Qe1 Nb4 10. Rf2 d5 11. Bb3 Qc7 12. Re2 c4 13. dxc4 dxc4 14. Ba2 Nxa2 15. Nxa2 Bc5+ 16. Kh1 Bd7 17. b4 Be7 18. a5 Nh5 19. e5 Bc6 20. Qf2 f5 21. Nd4 Bd7 22. Qf3 g6 23. Be3 Ng7 24. c3 Rfd8 25. Rd1 Be8 26. Red2 Rd7 27. Nc1 Rad8 28. Nce2 Qc8 29. Ng1 Bf7 30. Nh3 h6 31. Kg1 Rd5 32. Nf2 g5 33. h3 Nh5 34. g3 Kh7 35. Kh2 gxf4 36. gxf4 Bh4 37. Rg1 Ng7 38. Nh1 Rg8 39. Rdg2 Qe8 40. Qf1 Qc8 41. Bf2 Bd8 42. Ng3 b6 43. axb6 Bxb6 44. Nge2 Rdd8 45. Qa1 Nh5 46. Rxg8 Rxg8 47. Rxg8 Kxg8 48. Qg1+ Kh7 49. Be3 Bd8 50. Ng3 Ng7 51. Qg2 Be8 52. Qf1 a5 53. bxa5 Bxa5 54. Bd2 Qc5 55. Qb1 Qd5 56. Qh1 Qxh1+ 57. Kxh1 Kg6 58. Kg2 Kf7 59. Nf1 Bb6 60. Be3 Bxd4 61. Bxd4 Bc6+ 62. Kf2 Nh5 63. Be3 Bd5 64. Ng3 Nxg3 65. Kxg3 Ke8 66. Kh4 Bf3 67. Bc5 Be2 68. Bd6 1/2-1/2